| 000 | 00515nam a22001697a 4500 | ||
|---|---|---|---|
| 003 | NUST | ||
| 005 | 20230301191058.0 | ||
| 008 | 170928b xxu||||| |||| 00| 0 eng d | ||
| 040 | _cNUST | ||
| 082 | _a330 | ||
| 100 |
_aKhalid,Syed Adnan _95107 |
||
| 245 | _a“estimate of electricity subsidies and impact of electricity subsidies reform in Pakistan: a micro model study” | ||
| 260 |
_aIslamabad _c2016 |
||
| 300 | _a63p | ||
| 856 | _uhttp://10.250.8.41:8080/xmlui/handle/123456789/3506 | ||
| 942 |
_2ddc _cTHE |
||
| 999 |
_c331472 _d331472 |
||